Use of polyster-polyether thermoplastic elastomer pads in tracks on Indian railways (Record no. 71903)

MARC details
000 -LEADER
fixed length control field 00522nam a2200133Ia 4500
100 ## - MAIN ENTRY--AUTHOR NAME
Personal name Verma K P S
245 #0 - TITLE STATEMENT
Title Use of polyster-polyether thermoplastic elastomer pads in tracks on Indian railways
260 ## - PUBLICATION, DISTRIBUTION, ETC. (IMPRINT)
Name of publisher Proceedings of the National Conference and Exposition on Rubber and Allied Materials. India Rub Tech Expo 2004. 13-14 February, 2004, Mysore.pp.281-285.
650 ## - SUBJECT ADDED ENTRY--TOPICAL TERM
Topical Term Tensile strength
650 ## - SUBJECT ADDED ENTRY--TOPICAL TERM
Topical Term Thermoplastic elastomer
650 ## - SUBJECT ADDED ENTRY--TOPICAL TERM
Topical Term TPE pads
942 ## - ADDED ENTRY ELEMENTS (KOHA)
Koha item type Journals
Holdings
Withdrawn status Lost status Damaged status Not for loan Home library Current library Shelving location Date acquired Koha item type
      Journals RRII Library RRII Library Rubber chemistry 17/12/2021 Journals